000
00171nam a22000857a 4500
999
_c
16211
_d
16211
003
OSt
008
200624b ||||| |||| 00| 0 eng d
245
_a
PUC Physics
942
_c
BK